000 01333nam a2200265Ia 4500
003 OSt
005 20201028221512.0
008 191128s2015 sp gr 000 0dspa d
020 _a9788415781325
040 _aCO-JMCR
_cCO-JMCR
041 0 _aspa
082 0 4 _a658.45 /
_bP357a
_223
100 1 _aPinto Valero, Silvia,
_eautora
_912178
245 1 0 _aAprenda a negociar :
_bhabilidades, estrategias y tácticas /
_cSilvia Pinto Valero
260 _aMadrid :
_bFundación Confemetal,
_c2015
300 _a184 páginas ;
_c23 cm.
500 _aIncluye datos biográficos de la autora en solapa.
504 _aBibliografía: páginas 183-184
505 0 _aIntroducción a la negociación -- Las relaciones humanas y la negociación -- La comunicación y la negociación -- Las habiliadades de negociación -- Factores internos que influyen en la negociación
520 3 _aLa negociación está presente en prácticamente todas las relaciones que mantenemos con los demás. A lo largo de nuestra vida, gracias a la experiencia, vamos mejorando nuestras habilidades de negociación. Pero este proceso, que a veces es largo e incluso d
650 1 4 _aNegociación
_xtécnicas
_2
_912179
650 1 4 _aSolución de conflictos
_xcomunicación
_912180
650 2 4 _aMediación
_xdesarrollo de habilidades
_912181
942 _2ddc
_cBK
999 _c4758
_d4758